Datum a čas kvízu
24.5
Celkem bodů
Celkový počet nahraných bodů na tomto kvízu bez doplňovacích otázek.
8.
Pořadí na kvízu
Konečné umístění týmu na tomto kvízu.
Zaznamenané odpovědi
| # | Otázka | Odpověď | Body | Výsledky |
|---|---|---|---|---|
| 1. | Pražští radní v úterý schválil... | 1 | ||
| 2. | Vůdce autonomního Čečenska Ram... | 1 | ||
| 3. | V nové znělce, která bude slav... | 0 | ||
| 4. | Ekologickou anticenu Ropák rok... | 0 | ||
| 5. | Netradiční způsob hledání posi... | 1 | ||
| 6. | V každé z otázek v tomto témat... | 0 | ||
| 7. | Filmy s premiérou v roce 2014. | 1 | ||
| 8. | Osoby narozené před rokem 1918... | 1 | ||
| 9. | Živočišné druhy v Orwellově Fa... | 0 | ||
| 10. | Obrazy Leonarda da Vinciho. | 0 |